[Event "FRA-ch U18 Girls"]
[Site "Pau"]
[Date "2015.04.27"]
[Round "2"]
[White "Legrand, Claire"]
[Black "Bellaiche, Elise"]
[Result "0-1"]
[WhiteElo "1830"]
[BlackElo "2121"]
[PlyCount "62"]
[EventDate "2015.04.26"]
[EventType "swiss"]
[EventRounds "9"]
[EventCountry "FRA"]
[SourceTitle "CBM 166 Extra"]
[Source "ChessBase"]
[SourceDate "2015.06.18"]
[SourceVersion "1"]
[SourceVersionDate "2015.06.18"]
[SourceQuality "1"]

1. e4 c5 2. Nf3 Nc6 3. Bb5 e6 4. 0-0 Nge7 5. Re1 d6 6. b3 a6 7. Bf1 Ng6 8. Bb2 e5 9. c3 Qf6 10. d4 Bg4 11. d5 Nce7 12. Nbd2 Nf4 13. b4 cxb4 14. Qa4+ Bd7 15. Qxb4 Rb8 16. Ba3 Neg6 17. Nc4 Be7 18. Nxd6+ Kf8 19. c4 Nh3+ 20. gxh3 Qxf3 21. Qb3 Nh4 22. Re3 Qf6 23. c5 Bxd6 24. cxd6 g5 25. Bxa6 Kg7 26. Bb5 Bxb5 27. Qxb5 Nf3+ 28. Kg2 Nd4 29. Qd3 Rbc8 30. Rb1 Rc2 31. Rb2 Qxf2+ 0-1

[Event "FRA-ch U18 Girls"]
[Site "Pau"]
[Date "2015.04.26"]
[Round "1"]
[White "Bellaiche, Elise"]
[Black "Pfarr, Zoi"]
[Result "1-0"]
[WhiteElo "2121"]
[BlackElo "1620"]
[PlyCount "49"]
[EventDate "2015.04.26"]
[EventType "swiss"]
[EventRounds "9"]
[EventCountry "FRA"]
[SourceTitle "CBM 166 Extra"]
[Source "ChessBase"]
[SourceDate "2015.06.18"]
[SourceVersion "1"]
[SourceVersionDate "2015.06.18"]
[SourceQuality "1"]

1. e4 c5 2. c3 d6 3. d4 Nf6 4. Bd3 e5 5. d5 Be7 6. h3 0-0 7. Nd2 a6 8. a4 Nbd7 9. a5 Re8 10. Nc4 b5 11. axb6 Nxb6 12. Nxb6 Qxb6 13. Qe2 a5 14. Nf3 Bd7 15. 0-0 Reb8 16. Nd2 a4 17. Nc4 Qb7 18. f4 Qc7 19. fxe5 dxe5 20. Bg5 Bb5 21. d6 Bxd6 22. Nxd6 Bxd3 23. Qxd3 Rd8 24. Bxf6 Rxd6 25. Qg3 1-0

[Event "Nantes op 13th"]
[Site "Nantes"]
[Date "2014.12.28"]
[Round "2"]
[White "Cleran, Anthony"]
[Black "Bellaiche, Elise"]
[Result "0-1"]
[WhiteElo "1933"]
[BlackElo "2055"]
[PlyCount "103"]
[EventDate "2014.12.27"]
[EventType "swiss"]
[EventRounds "7"]
[EventCountry "FRA"]
[SourceTitle "EXT 2016"]
[Source "ChessBase"]
[SourceDate "2015.10.08"]
[SourceVersion "1"]
[SourceVersionDate "2015.10.08"]
[SourceQuality "1"]

1. f4 d5 2. Nf3 c5 3. e3 Nc6 4. b3 Nf6 5. Bb2 g6 6. Be2 Bg7 7. 0-0 0-0 8. d3 Re8 9. h3 d4 10. e4 e5 11. fxe5 Nxe5 12. Nxe5 Rxe5 13. c3 Nh5 14. Qe1 Bh6 15. Nd2 Be3+ 16. Kh2 Qc7 17. Kh1 Rg5 18. Bxh5 Rxh5 19. Rf3 Bg4 20. Rxe3 dxe3 21. Qxe3 Qd7 22. Kh2 Rd8 23. d4 b5 24. e5 Bf5 25. g4 Bxg4 26. Ne4 Rxh3+ 27. Qxh3 Bxh3 28. Nf6+ Kg7 29. Nxd7 Bxd7 30. d5 c4 31. bxc4 bxc4 32. Rd1 f6 33. exf6+ Kxf6 34. Rd4 Re8 35. Rd2 Re3 36. Kg1 Bg4 37. Ba3 Rd3 38. Rxd3 cxd3 39. Bc1 Ke5 40. d6 Kxd6 41. Kf2 Kd5 42. Ke3 Kc4 43. Bd2 h5 44. Kf4 Bf5 45. Kg5 Kd5 46. Kh4 Ke4 47. Kg3 h4+ 48. Kxh4 Kf3 49. c4 Ke2 50. Ba5 d2 51. Bxd2 Kxd2 52. c5 0-1

[Event "Nantes op 13th"]
[Site "Nantes"]
[Date "2014.12.27"]
[Round "1"]
[White "Bellaiche, Elise"]
[Black "Lalic, Bogdan"]
[Result "1/2-1/2"]
[WhiteElo "2055"]
[BlackElo "2479"]
[PlyCount "44"]
[EventDate "2014.12.27"]
[EventType "swiss"]
[EventRounds "7"]
[EventCountry "FRA"]
[SourceTitle "EXT 2016"]
[Source "ChessBase"]
[SourceDate "2015.10.08"]
[SourceVersion "1"]
[SourceVersionDate "2015.10.08"]
[SourceQuality "1"]

1. e4 c5 2. c3 d5 3. exd5 Qxd5 4. d4 Nc6 5. Nf3 Bf5 6. Be3 cxd4 7. Nxd4 e6 8. Nxf5 Qxf5 9. Qb3 0-0-0 10. Bb5 Qd5 11. Qxd5 exd5 12. Bxc6 bxc6 13. b4 a6 14. Nd2 Ne7 15. Nb3 Nf5 16. Bb6 Re8+ 17. Kd2 Nd6 18. Na5 c5 19. bxc5 Ne4+ 20. Kc2 Bxc5 21. Bxc5 Nxc5 22. Rhe1 Kd7 1/2-1/2

[Event "Cannes op 26th"]
[Site "Cannes"]
[Date "2014.07.10"]
[Round "6"]
[White "Bellaiche, Elise"]
[Black "Gauthier, Cyrille"]
[Result "1/2-1/2"]
[WhiteElo "2022"]
[BlackElo "1935"]
[PlyCount "74"]
[EventDate "2014.07.07"]
[EventType "swiss"]
[EventRounds "9"]
[EventCountry "FRA"]
[SourceTitle "EXT 2015"]
[Source "ChessBase"]
[SourceDate "2014.11.20"]
[SourceVersion "1"]
[SourceVersionDate "2014.11.20"]
[SourceQuality "1"]

1. e4 e5 2. Nf3 Nc6 3. Bb5 a6 4. Ba4 Nf6 5. 0-0 Be7 6. d3 b5 7. Bb3 0-0 8. Nc3 d6 9. a3 Bb7 10. Be3 Na5 11. Ba2 c5 12. Bg5 Nd7 13. Bxe7 Qxe7 14. Nd5 Qd8 15. Nd2 Rc8 16. Qe2 Nc6 17. c3 Ne7 18. Nxe7+ Qxe7 19. f4 Nf6 20. fxe5 dxe5 21. Rf5 Rcd8 22. Nf3 Qd6 23. Nxe5 Bc8 24. Nxf7 Rxf7 25. Bxf7+ Kxf7 26. e5 Qd5 27. Rf4 Re8 28. d4 Kg8 29. Raf1 cxd4 30. cxd4 Qd8 31. Qf2 Nd5 32. Rf3 Be6 33. Qg3 Nc7 34. Rf4 Bc4 35. Re1 Ne6 36. Rg4 h5 37. Rge4 Nxd4 1/2-1/2

[Event "Cannes op 26th"]
[Site "Cannes"]
[Date "2014.07.09"]
[Round "4"]
[White "Bellaiche, Elise"]
[Black "Froment, Victor"]
[Result "1-0"]
[WhiteElo "2022"]
[BlackElo "1762"]
[PlyCount "177"]
[EventDate "2014.07.07"]
[EventType "swiss"]
[EventRounds "9"]
[EventCountry "FRA"]
[SourceTitle "EXT 2015"]
[Source "ChessBase"]
[SourceDate "2014.11.20"]
[SourceVersion "1"]
[SourceVersionDate "2014.11.20"]
[SourceQuality "1"]

1. e4 e5 2. Nf3 Nc6 3. Bb5 a6 4. Ba4 Nf6 5. d3 b5 6. Bb3 Bc5 7. 0-0 0-0 8. Bg5 h6 9. Bh4 d6 10. a3 Be6 11. Nfd2 Nd4 12. Bxe6 fxe6 13. c3 Nc6 14. Nf3 Ne7 15. d4 exd4 16. cxd4 Bb6 17. Qb3 d5 18. e5 Ne4 19. Bxe7 Qxe7 20. Qd3 c5 21. Nc3 Ng5 22. Nh4 Qc7 23. Ne2 cxd4 24. Ng6 Rf5 25. Ng3 Rf7 26. Rac1 Qb7 27. Ne2 Rc8 28. Rxc8+ Qxc8 29. Rc1 Qe8 30. f3 Rc7 31. Rd1 Ba7 32. Nef4 Qc8 33. h4 Nf7 34. Kh2 Bb8 35. Kh3 Qe8 36. Qxd4 Rc4 37. Qe3 Qd7 38. g4 Ba7 39. Qe2 Nh8 40. Rd3 Nxg6 41. Nxg6 Qf7 42. h5 Rc1 43. Rd1 Qc7 44. Qd2 Rxd1 45. Qxd1 Qc4 46. Kg2 Qd4 47. Qxd4 Bxd4 48. b3 Kf7 49. a4 bxa4 50. bxa4 Ke8 51. f4 Kd7 52. Kf3 a5 53. f5 Bc3 54. Ke3 Bb2 55. Kd3 Ba1 56. Nf8+ Ke7 57. Nxe6 Bxe5 58. Nc5 Bd6 59. Nb3 Bb4 60. Nd4 Kf6 61. Ne6 Ke5 62. Nxg7 Kf4 63. f6 Kxg4 64. f7 Kg5 65. Ne6+ Kxh5 66. f8Q Bxf8 67. Nxf8 Kg4 68. Nd7 h5 69. Nf6+ Kg5 70. Nxd5 h4 71. Ke3 h3 72. Kf3 Kf5 73. Ne7+ Ke6 74. Nc6 Kd5 75. Nxa5 Kc5 76. Nb3+ Kb4 77. a5 Kb5 78. Kg3 Ka6 79. Kxh3 Kb5 80. Kg4 Ka6 81. Kf5 Kb5 82. Ke6 Ka6 83. Kd6 Kb7 84. Nc5+ Ka7 85. Kc6 Ka8 86. Kb6 Kb8 87. Na6+ Ka8 88. Nc7+ Kb8 89. a6 1-0

[Event "Cannes op 26th"]
[Site "Cannes"]
[Date "2014.07.08"]
[Round "3"]
[White "Allard, Julien"]
[Black "Bellaiche, Elise"]
[Result "1/2-1/2"]
[WhiteElo "1848"]
[BlackElo "2022"]
[PlyCount "68"]
[EventDate "2014.07.07"]
[EventType "swiss"]
[EventRounds "9"]
[EventCountry "FRA"]
[SourceTitle "EXT 2015"]
[Source "ChessBase"]
[SourceDate "2014.11.20"]
[SourceVersion "1"]
[SourceVersionDate "2014.11.20"]
[SourceQuality "1"]

1. e4 c5 2. Nf3 Nc6 3. d4 cxd4 4. Nxd4 g6 5. c4 Nf6 6. Nc3 Nxd4 7. Qxd4 d6 8. Bg5 Bg7 9. Be2 0-0 10. Qd2 Re8 11. 0-0 Be6 12. Rac1 Rc8 13. b3 Bd7 14. f3 Bc6 15. Nd5 Bxd5 16. exd5 Nd7 17. Rfe1 Bf6 18. Bh6 Ne5 19. f4 Nd7 20. Bg4 Rc7 21. g3 a6 22. h4 Bg7 23. Bxg7 Kxg7 24. h5 Nf6 25. Qd4 Kh6 26. f5 g5 27. Re2 Kg7 28. Bf3 h6 29. g4 b5 30. Rec2 bxc4 31. Rxc4 Rxc4 32. Qxc4 Qb6+ 33. Kg2 Qe3 34. Rc2 Qb6 1/2-1/2

[Event "Cannes op 26th"]
[Site "Cannes"]
[Date "2014.07.07"]
[Round "1"]
[White "Mullon, Jean Baptiste"]
[Black "Bellaiche, Elise"]
[Result "1-0"]
[WhiteElo "2436"]
[BlackElo "2022"]
[PlyCount "49"]
[EventDate "2014.07.07"]
[EventType "swiss"]
[EventRounds "9"]
[EventCountry "FRA"]
[SourceTitle "EXT 2015"]
[Source "ChessBase"]
[SourceDate "2014.11.20"]
[SourceVersion "1"]
[SourceVersionDate "2014.11.20"]
[SourceQuality "1"]

1. e4 c5 2. Nf3 Nc6 3. Bb5 Nd4 4. Nxd4 cxd4 5. 0-0 g6 6. c3 Bg7 7. cxd4 Bxd4 8. Nc3 e6 9. d3 Bg7 10. d4 Ne7 11. e5 a6 12. Ba4 b5 13. Ne4 0-0 14. Bc2 Nd5 15. Bb3 Bb7 16. Bg5 Qb6 17. Nf6+ Nxf6 18. exf6 Bh8 19. Qg4 Rfc8 20. Rad1 a5 21. Rd3 a4 22. Bd1 b4 23. Rh3 Rc4 24. Qh4 h5 25. Bxh5 1-0